000 01022nam a2200313 a 4500
003 AR-BaBNM
005 20251128205809.0
008 082120s2002 ||||||||||||||000 | spa||
020 _a84-7738-185-2
040 _cAR-BaBNM
100 1 _aNegro, Adolfo
245 0 0 _aDiseño curricular para el área de matemáticas
_benseñanza secundaria obligatoria
260 _aMadrid
_bSíntesis
_c1993
300 _a304 p.
_btablas, gráfs., il.
490 0 _aAplicación en el aula
_vv. 7
504 _aBibliografía: 60 referencias bibliográficas útiles en un diseño curricular de Matemáticas: p. 303-304
650 4 _aENSEÑANZA DE LAS MATEMATICAS
650 4 _aMETODOS DE ENSEÑANZA
650 4 _aACTIVIDADES DE APRENDIZAJE
650 4 _aUNIDADES DE ENSEÑANZA
650 4 _aOBJETIVOS COGNOSCITIVOS
650 4 _aSELECCION DE MATERIAL DIDACTICO
651 4 _aEspaña
653 _aEDUCACION SECUNDARIA
653 _aDISEÑO CURRICULAR
700 1 _aBenedicto, César
942 _cBK
998 _carturo
999 _c12842
_d12842